000 00308nam a22001337a 4500
082 _a894.812
_bREE/L
100 _aREED JOHN
245 _aLOKATHE PIDICHU KULUKKIYA PATTH DIVASANGAL
260 _aSOVIET UNION
_bPROGRESS PUBLISHERS
_c1987
300 _a536
520 _aNOVEL
650 _aNOVEL
942 _cBK
999 _c5018
_d5018